书目信息 |
| 题名: |
中国建筑史学的文献学传统
|
|
| 作者: | 刘江峰 , 王其亨 著 | |
| 分册: | ||
| 出版信息: | 北京 中国建筑工业出版社 2017.12 |
|
| 页数: | 185页 | |
| 开本: | 26cm | |
| 丛书名: | 中国建筑史学史丛书 | |
| 单 册: | ||
| 中图分类: | TU-092 | |
| 科图分类: | ||
| 主题词: | 建筑史--jian zhu shi--研究--中国 | |
| 电子资源: | ||
| ISBN: | 978-7-112-21350-4 | |
| 000 | 01177nam 2200277 450 | |
| 001 | 0100000973 | |
| 005 | 20190305103941.26 | |
| 010 | @a978-7-112-21350-4@dCNY60.00 | |
| 100 | @a20180312d2017 em y0chiy50 ea | |
| 101 | 0 | @achi |
| 102 | @aCN@b110000 | |
| 105 | @aak a 000yy | |
| 200 | 1 | @a中国建筑史学的文献学传统@Azhong guo jian zhu shi xue de wen xian xue chuan tong@f刘江峰, 王其亨著 |
| 210 | @a北京@c中国建筑工业出版社@d2017.12 | |
| 215 | @a185页@c图@d26cm | |
| 225 | 2 | @a中国建筑史学史丛书@Azhong guo jian zhu shi xue shi cong shu |
| 300 | @a国家出版基金项目 | |
| 320 | @a有书目 | |
| 330 | @a本书以时间为经, 文献研究和利用情况为纬, 首次按照文献学的研究和利用情况, 重新审视中国建筑史学的研究历程, 分析造成该学科文献学研究缺失的原因。初步构建了中国建筑历史文献学的研究框架, 强调了文献学在当代建筑史学研究中的基础性价值和作用, 并探讨了今后可以继续深入的方向, 以助力于中国建筑史学研究的纵深发展。 | |
| 410 | 0 | @12001 @a中国建筑史学史丛书 |
| 606 | 0 | @a建筑史@Ajian zhu shi@x研究@y中国 |
| 690 | @aTU-092@v5 | |
| 701 | 0 | @a刘江峰@Aliu jiang feng@4著 |
| 701 | 0 | @a王其亨@Awang qi heng@4著 |
| 801 | 0 | @aCN@c20180910 |
| 905 | @a河南城建学院图书馆@dTU-092@eL631 | |
| 中国建筑史学的文献学传统/刘江峰, 王其亨著.-北京:中国建筑工业出版社,2017.12 |
| 185页:图;26cm.-(中国建筑史学史丛书) |
| 国家出版基金项目 |
| ISBN 978-7-112-21350-4:CNY60.00 |
| 本书以时间为经, 文献研究和利用情况为纬, 首次按照文献学的研究和利用情况, 重新审视中国建筑史学的研究历程, 分析造成该学科文献学研究缺失的原因。初步构建了中国建筑历史文献学的研究框架, 强调了文献学在当代建筑史学研究中的基础性价值和作用, 并探讨了今后可以继续深入的方向, 以助力于中国建筑史学研究的纵深发展。 |
| ● |
| 相关链接 |
|
|
|
正题名:中国建筑史学的文献学传统
索取号:TU-092/L631
 
预约/预借
| 序号 | 登录号 | 条形码 | 馆藏地/架位号 | 状态 | 备注 |
| 1 | 1304755 | 213047558 | 建筑库101/101建筑库 5排2列3层/ [索取号:TU-092/L631] | 在馆 | |
| 2 | 1399388 | 213993883 | 建筑库101/101建筑库 5排2列3层/ [索取号:TU-092/L631] | 在馆 | |
| 3 | 1399389 | 213993892 | 建筑库101/101建筑库 5排2列3层/ [索取号:TU-092/L631] | 在馆 |